000 00512nam a2200169Ia 4500
999 _c382
_d382
003 OSt
005 20210831135008.0
008 190216s9999||||xx |||||||||||||| ||und||
040 _coclc
082 _a297
_bALM/K
100 _a Al Mahamood, Allama Al Sheikh Abdullah Bin Zaid
_98734
245 0 _aKhuthbal Eid Al Azha /
_cAllama Al Sheikh Abdullah Bin Zaid Al Mahamood
260 _bMoohim Publicaion,
300 _a25p
650 _aArabic
942 _cBK
_2ddc
_h297
_iALM/K
_k297
_mALM/K